LEADER 01529nam a2200313 i 4500 001 000000062291 003 CaOOAMICUS 005 20190429162549.0 008 081223s1998 it u000 u ita u 013 $a33463 020 $a8838430659 040 $aSeMil$bita 100 1 $aHeidegger, Martin,$d<1889-1976>.$0(OLS)http://semarc/name/3775 240 10$aPolitische Schriften.$0(OLS)http://semarc/title/98031 245 10$aScritti politici, 1933-1966 /$cMartin Heidegger ; prefazione, postfazione e note di François Fedier ; edizione italiana a cura di Gino Zaccaria ; [trad. di Gino Zaccaria (condotta sul ms.), Maurizio Borghi (per la prefazione)]. 260 $aCasale Monferrato :$bPiemme,$c1998. 300 $a412 p. ;$c22 cm. 650 4$aFilosofia politica.$0(OLS)http://semarc/subject/358 650 4$aHeidegger, Martin <1889-1976> - Pensiero politico.$0(OLS)http://semarc/subject/12286 700 1 $aBorghi, Maurizio.$0(OLS)http://semarc/name/31593 700 1 $aZaccaria, Gino.$0(OLS)http://semarc/name/6744 700 1 $aFédier, François <1935->,$d<1935- >.$0(OLS)http://semarc/name/31592 850 $aSeMil 852 $aSeMil$W1$xVenegono$y1$m2P IV 551$j28444$B28444$CSeMilBibl$Z2$F28447 $81 961 $aAcquisto: Glossa (Libreria) 996 $6020$a8838430659$9(OLS)http://semarc/number/38802 996 $6245$aScritti politici, 1933-1966$9(OLS)http://semarc/title/98030 996 $6260$aCasale Monferrato :$bPiemme$9(OLS)http://semarc/publisher/29798 LEADER 01237nam a2200217 i 4500 001 000000075488 003 CaOOAMICUS 005 20100318000000.0 008 100318s1975 gw u000 u ger u 013 $a46660 040 $aSeMil$bita 100 1 $aRing, Thomas Gerhard,$c.$0(OLS)http://semarc/name/37271 245 10$aAuctoritas bei Tertullian, Cyprian und Ambrosius /$cVon Thomas Gerhard Ring. 260 $aWürzburg :$bAugustinus Verlag,$c1975. 300 $aXVI, 269 p. ;$c23 cm. 490 0 $aCassiciacum : eine Sammlung wissenschaftlicher Forschungen über den hl. Augustinus und den Augustinerorden, sowie wissenschaftlicher Arbeiten von Augustinern aus anderen Wissensgebieten ;$vBand29. 830 0$aCassiciacum : eine Sammlung wissenschaftlicher Forschungen über den hl. Augustinus und den Augustinerorden, sowie wissenschaftlicher Arbeiten von Augustinern aus anderen Wissensgebieten ;$vBand29.$0(OLS)http://semarc/title/29296 850 $aSeMil 852 $aSeMil$W1$xVenegono$y1$m2T II 205$j41640$B41640$CSeMilBibl$Z2$F41644 $81 996 $6245$aAuctoritas bei Tertullian, Cyprian und Ambrosius$9(OLS)http://semarc/title/122435 996 $6260$aWürzburg :$bAugustinus Verlag$9(OLS)http://semarc/publisher/35845